The Holy Bible with Deuterocanonicals/Apocrypha : (Record no. 2194)

MARC details
000 -LEADER
fixed length control field 00585cam a2200205 a 4500
001 - CONTROL NUMBER
control field 3476496
003 - CONTROL NUMBER IDENTIFIER
control field GBCCL
005 - DATE AND TIME OF LATEST TRANSACTION
control field 20251127134522.0
008 - FIXED-LENGTH DATA ELEMENTS--GENERAL INFORMATION
fixed length control field 930303s1992 nyub 00010 eng d
020 ## - INTERNATIONAL STANDARD BOOK NUMBER
International Standard Book Number 1585173x
035 ## - SYSTEM CONTROL NUMBER
System control number (OCoLC)ocn702887777
035 ## - SYSTEM CONTROL NUMBER
System control number 3476496
040 ## - CATALOGING SOURCE
Original cataloging agency CtY-D
Transcribing agency CtY-D
082 ## - DEWEY DECIMAL CLASSIFICATION NUMBER
Classification number 220.5208
Item number BIB
245 14 - TITLE STATEMENT
Title The Holy Bible with Deuterocanonicals/Apocrypha :
Remainder of title Contemporary English Version.
260 ## - PUBLICATION, DISTRIBUTION, ETC.
Place of publication, distribution, etc. New York :
Name of publisher, distributor, etc. American Bible Society,
Date of publication, distribution, etc. 1995
300 ## - PHYSICAL DESCRIPTION
Extent 1234 p. :
Other physical details maps ;
Dimensions 21 cm.
710 2# - ADDED ENTRY--CORPORATE NAME
Corporate name or jurisdiction name as entry element American Bible Society.
9 (RLIN) 4489
942 ## - ADDED ENTRY ELEMENTS (KOHA)
Source of classification or shelving scheme Dewey Decimal Classification
Koha item type Reference Books
Holdings
Withdrawn status Lost status Source of classification or shelving scheme Damaged status Not for loan Home library Current Library Shelving location Date acquired Total checkouts Full call number Barcode Date last seen Copy number Price effective from Koha item type
    Dewey Decimal Classification     GRACE BIBLE COLLEGE GRACE BIBLE COLLEGE Bible 2017-07-13   220.5208 BIB 010438 2025-05-01 c.5 2017-07-13 Reference Books
    Dewey Decimal Classification     GRACE BIBLE COLLEGE GRACE BIBLE COLLEGE Bible 2017-07-13   220.5208 BIB 010436 2025-05-01 c.3 2017-07-13 Reference Books
    Dewey Decimal Classification     GRACE BIBLE COLLEGE GRACE BIBLE COLLEGE Bible 2017-07-13   220.5208 BIB 010107 2025-05-01 c.1 2017-07-13 Reference Books
    Dewey Decimal Classification     GRACE BIBLE COLLEGE GRACE BIBLE COLLEGE Bible 2017-07-13   220.5208 BIB 010437 2025-05-01 c.4 2017-07-13 Reference Books
    Dewey Decimal Classification     GRACE BIBLE COLLEGE GRACE BIBLE COLLEGE Bible 2017-07-13   220.5208 BIB 010435 2025-05-01 c.2 2017-07-13 Reference Books
    Dewey Decimal Classification     GRACE BIBLE COLLEGE GRACE BIBLE COLLEGE Bible 2022-04-26   220.5208 BIB 014960 2025-05-01 c.6 2022-04-26 Reference Books
© Grace Bible College Library 2025